| 000 | 00366cam a22001217a 4500 | ||
|---|---|---|---|
| 008 | 180718b2004 xxu||||| |||| 00| 0 eng d | ||
| 082 | _aA2:W71 Am13 | ||
| 245 |
_aSTD Codes & PIN Codes in India _cBy Amarjit |
||
| 260 |
_aLudhiana _bAmarjit Directory _c2004 |
||
| 300 | _a416p. | ||
| 650 | _aSTD code -- India -- Directories | ||
| 650 | _aZip code -- India -- Directories | ||
| 999 |
_c503042 _d503042 |
||